Kimia kayu padu

Bibliographic Details
Other Authors: Rowell, Roger M
Format: Book
Published: Kuala Lumpur : Dewan Bahasa Dan Pustaka , 1994
Subjects:

MARC

LEADER 00000cam a2200000 7i4500
001 0000003410
002 000003678
005 20000330.0
020 |a 9836234780 
090 0 0 |a 674.13   |b KIM 
245 0 0 |a Kimia kayu padu   |c disunting oleh Roger M. Rowell 
260 |a Kuala Lumpur :   |b Dewan Bahasa Dan Pustaka ,   |c 1994 
300 |a 609p. :   |b ill. ;   |c 24cm. 
650 0 0 |a Wood   |x Chemistry 
700 1 |a Rowell, Roger M 
999 |a 036879   |b BUKU   |c PINJAMAN   |e PERPUSTAKAAN KOMUNITI PETALING JAYA